Governors General of New Zealand - Statistics

General Stats
  • This quiz has been taken 11 times
  • The average score is 10 of 21
Answer Stats
Term Governor General % Correct
1990-1996 Dame {Catherine Tizard}
100%
2016-Present Dame {Patsy Reddy}
100%
2011-2016 Sir {Jerry Mateparae}
100%
1977-1980 Sir {Keith Holyoake}
100%
1996-2001 Sir {Michael Hardie Boys}
100%
1985-1990 Sir {Paul Reeves}
100%
1946-1952 Bernard Freyberg
50%
2001-2006 Dame {Silvia Cartwright}
50%
2006-2011 Sir {Anand Satyanand}
50%
1967-1972 Sir {Arthur Porritt}
50%
1962-1967 Sir {Bernard Fergusson}
50%
1924-1930 Sir {Charles Fergusson}
50%
1980-1985 Sir {David Beattie}
50%
1972-1977 Sir {Denis Blundell}
50%
1917-1920 Arthur Foljambe
0%
1930-1935 Charles Bathurst
0%
1957-1962 Charles Lyttelton
0%
1935-1941 George Monckton-Arundell
0%
1920-1924 John Jellicoe
0%
1941-1946 Sir {Cyril Newall}
0%
1952-1957 Sir {Willoughby Norrie}
0%
No matching quizzes found
Score Distribution
Percent of People with Each Score
Percentile by Number Answered
Your Score History
You have not taken this quiz